| 000 | 00537nac a22001331u 4500 | ||
|---|---|---|---|
| 008 | 080904t ua|||||r|||| 000 0 ara d | ||
| 082 |
_a189.092 _bر ي ن _222 |
||
| 245 |
_aابن رشد والرشدية / _cتأليف إرنست رينان ؛ نقله إلى العربية عادل زعيتر |
||
| 260 |
_aالقاهرة : _bدار إحياء الكتب العربية، 1957 _c1957. |
||
| 300 |
_a485 ص ؛ _c24 سم . |
||
| 511 | _aCatalogued by: Sara | ||
| 541 |
_a؛الف باء _c؛شراء |
||
| 942 |
_cBB _k189.092 ر ي ن _2ddc |
||
| 999 |
_c6609 _d6609 |
||